[Event "Titled Tuesday intern op 10th Nov"]
[Site "Chess.com INT"]
[Date "2020.11.10"]
[Round "7"]
[White "Galaktionov, Artem"]
[Black "Perez, Robinson Molina"]
[Result "1-0"]
[WhiteElo "2315"]
[BlackElo "2240"]
[PlyCount "95"]
[EventDate "2020.11.10"]
[EventType "swiss (blitz)"]
[EventRounds "11"]
[EventCountry "USA"]
[SourceTitle "CBM 199 Extra"]
[Source "ChessBase"]
[SourceDate "2021.01.31"]
[SourceVersion "1"]
[SourceVersionDate "2021.01.31"]
[SourceQuality "1"]

1. d4 d5 2. Nf3 Nf6 3. c4 c6 4. Qb3 Qb6 5. Nc3 dxc4 6. Qxc4 Be6 7. Qd3 g6 8. e4 Bg7 9. Be2 0-0 10. 0-0 Rd8 11. h3 a5 12. Rd1 Na6 13. Be3 Qc7 14. Qd2 b5 15. Rac1 Qb7 16. e5 Nd5 17. Bh6 f6 18. Bxg7 Kxg7 19. Ne4 h6 20. Nc5 Nxc5 21. Rxc5 f5 22. Rdc1 Rdc8 23. a3 Bd7 24. Ne1 e6 25. Bf3 a4 26. Nd3 Qa7 27. R1c2 Nb6 28. Nb4 Nc4 29. Qc3 Be8 30. Be2 Nb6 31. Nxc6 Bxc6 32. Rxc6 Nd5 33. Qc5 Qxc5 34. R2xc5 Rxc6 35. Rxc6 b4 36. Rxe6 bxa3 37. bxa3 Nc3 38. Bf3 Rb8 39. Rc6 Nb1 40. Ra6 Nc3 41. d5 Rb1+ 42. Kh2 Rb3 43. Ra7+ Kf8 44. d6 Rxa3 45. e6 Ne4 46. Ra8+ Kg7 47. d7 Rd3 48. e7 1-0

[Event "Titled Tuesday intern op 10th Nov"]
[Site "Chess.com INT"]
[Date "2020.11.10"]
[Round "3"]
[White "Harshavardhan, GB."]
[Black "Perez, Robinson Molina"]
[Result "0-1"]
[WhiteElo "2397"]
[BlackElo "2240"]
[PlyCount "81"]
[EventDate "2020.11.10"]
[EventType "swiss (blitz)"]
[EventRounds "11"]
[EventCountry "USA"]
[SourceTitle "CBM 199 Extra"]
[Source "ChessBase"]
[SourceDate "2021.01.31"]
[SourceVersion "1"]
[SourceVersionDate "2021.01.31"]
[SourceQuality "1"]

1. d4 d5 2. c4 c6 3. Nf3 Nf6 4. Nc3 dxc4 5. a4 Bf5 6. Ne5 Nbd7 7. Nxc4 Qc7 8. g3 e5 9. dxe5 Nxe5 10. Bf4 Nfd7 11. Bg2 f6 12. 0-0 Nc5 13. Rc1 Rd8 14. Qe1 Be7 15. Nxe5 fxe5 16. Be3 Nb3 17. Rd1 0-0 18. Ne4 Nd4 19. Bxd4 exd4 20. e3 dxe3 21. Qxe3 Qb6 22. Qe2 a5 23. Qc4+ Kh8 24. Rxd8 Qxd8 25. Nc5 Qb6 26. Ne6 Rf6 27. Nd4 Bc5 28. Nxf5 Rxf5 29. Qe6 Rf8 30. Kh1 Qxb2 31. Be4 Qe2 32. Kg2 Bxf2 33. Bf5 Be3+ 34. Kh3 Qxf1+ 35. Kg4 Qxf5+ 36. Qxf5 Rxf5 37. Kxf5 b5 38. axb5 cxb5 39. Ke4 a4 40. Kxe3 a3 41. Kd3 0-1

[Event "Titled Tuesday intern op 10th Nov"]
[Site "Chess.com INT"]
[Date "2020.11.10"]
[Round "6"]
[White "Mokshanov, Alexey"]
[Black "Perez, Robinson Molina"]
[Result "1-0"]
[WhiteElo "2454"]
[BlackElo "2240"]
[PlyCount "93"]
[EventDate "2020.11.10"]
[EventType "swiss (blitz)"]
[EventRounds "11"]
[EventCountry "USA"]
[SourceTitle "CBM 199 Extra"]
[Source "ChessBase"]
[SourceDate "2021.01.31"]
[SourceVersion "1"]
[SourceVersionDate "2021.01.31"]
[SourceQuality "1"]

1. e4 e5 2. Nf3 Nc6 3. d4 exd4 4. Nxd4 Nf6 5. Nxc6 bxc6 6. e5 Qe7 7. Qe2 Nd5 8. c4 Nb6 9. g3 g6 10. b3 Bg7 11. Bb2 a5 12. Bg2 a4 13. 0-0 0-0 14. f4 axb3 15. axb3 Rxa1 16. Bxa1 d5 17. Nd2 Ba6 18. Kh1 f6 19. e6 Re8 20. f5 gxf5 21. Re1 Bc8 22. Nf3 Qxe6 23. Qd1 Qf7 24. Nd4 Rxe1+ 25. Qxe1 Bd7 26. c5 Nc8 27. Bh3 Ne7 28. Qe2 Bh6 29. Bc3 Bg5 30. Bg2 f4 31. h4 Bh6 32. g4 Kf8 33. Bf3 Qg6 34. Kh2 Qb1 35. b4 f5 36. g5 Bg7 37. Ne6+ Bxe6 38. Bxg7+ Kxg7 39. Qxe6 Ng6 40. Qf6+ Kg8 41. Qd8+ Nf8 42. Qxc7 Qxb4 43. Qxc6 Qd2+ 44. Kh3 Qf2 45. Qxd5+ Kg7 46. Qe5+ Kg6 47. Qf6# 1-0

[Event "Titled Tuesday intern op 10th Nov"]
[Site "Chess.com INT"]
[Date "2020.11.10"]
[Round "2"]
[White "Perez, Robinson Molina"]
[Black "Najer, Evgeniy"]
[Result "1-0"]
[WhiteElo "2240"]
[BlackElo "2648"]
[PlyCount "51"]
[EventDate "2020.11.10"]
[EventType "swiss (blitz)"]
[EventRounds "11"]
[EventCountry "USA"]
[SourceTitle "CBM 199 Extra"]
[Source "ChessBase"]
[SourceDate "2021.01.31"]
[SourceVersion "1"]
[SourceVersionDate "2021.01.31"]
[SourceQuality "1"]

1. Nf3 d5 2. d4 Nf6 3. c4 dxc4 4. Nc3 a6 5. e4 b5 6. a4 b4 7. e5 bxc3 8. exf6 cxb2 9. fxg7 Bxg7 10. Bxb2 Be6 11. Rc1 Qd6 12. Bxc4 Qb4+ 13. Qd2 Qxd2+ 14. Nxd2 Bxc4 15. Rxc4 Nd7 16. 0-0 Rb8 17. Ba3 Rb7 18. Re1 e6 19. Rc6 Nb8 20. Rc4 Nd7 21. Rc6 Bxd4 22. Rxa6 Bc3 23. Ra8+ Nb8 24. Rb1 Rxb1+ 25. Nxb1 Kd7 26. Nxc3 1-0

[Event "Titled Tuesday intern op 10th Nov"]
[Site "Chess.com INT"]
[Date "2020.11.10"]
[Round "11"]
[White "Spitzl, Vinzent"]
[Black "Perez, Robinson Molina"]
[Result "1-0"]
[WhiteElo "2346"]
[BlackElo "2240"]
[PlyCount "61"]
[EventDate "2020.11.10"]
[EventType "swiss (blitz)"]
[EventRounds "11"]
[EventCountry "USA"]
[SourceTitle "CBM 199 Extra"]
[Source "ChessBase"]
[SourceDate "2021.01.31"]
[SourceVersion "1"]
[SourceVersionDate "2021.01.31"]
[SourceQuality "1"]

1. e4 c5 2. Nf3 d6 3. d4 cxd4 4. Nxd4 Nf6 5. Nc3 a6 6. Bg5 e6 7. Qe2 Nbd7 8. 0-0-0 Qc7 9. f4 Be7 10. g4 b5 11. Bg2 Bb7 12. e5 dxe5 13. fxe5 Nd5 14. Bxe7 Nxc3 15. bxc3 Kxe7 16. Bxb7 Qxb7 17. Rhf1 Rac8 18. Qe3 h6 19. g5 Qc7 20. gxh6 gxh6 21. Qf4 Rcf8 22. Qh4+ Ke8 23. Qh5 Qxe5 24. Qf3 Qb8 25. Qc6 Ke7 26. Nf5+ Kf6 27. Qxd7 Qe5 28. Nd6+ Kg7 29. Nxf7 Qxc3 30. Ne5+ Kg8 31. Rg1+ 1-0